Developments in satellite navigation systems. (Record no. 60655)
[ view plain ]
| 000 -LEADER | |
|---|---|
| fixed length control field | 00713cam a2200193 4500 |
| 001 - CONTROL NUMBER | |
| control field | ABS60976 |
| 008 - FIXED-LENGTH DATA ELEMENTS--GENERAL INFORMATION | |
| fixed length control field | 000000n1999 000 0 eng u |
| 035 ## - SYSTEM CONTROL NUMBER | |
| System control number | (Sirsi) u101523 |
| 100 ## - MAIN ENTRY--PERSONAL NAME | |
| Personal name | Hill, C. |
| 245 ## - TITLE STATEMENT | |
| Title | Developments in satellite navigation systems. |
| 260 ## - PUBLICATION, DISTRIBUTION, ETC. | |
| Date of publication, distribution, etc. | 1999 |
| 490 ## - SERIES STATEMENT | |
| Series statement | Surveying World |
| Volume/sequential designation | 7(4) May/June 1999, 20-22(3) |
| 520 ## - SUMMARY, ETC. | |
| Summary, etc. | Explains the current status of GPS and discusses important developments in the pipeline in both the United States and Europe. Concludes with a look at the future options for GPS in Europe. |
| 650 ## - SUBJECT ADDED ENTRY--TOPICAL TERM | |
| Topical term or geographic name entry element | MANAGEMENT-BUSINESS MANAGEMENT-INFORMATION MANAGEMENT |
| 650 ## - SUBJECT ADDED ENTRY--TOPICAL TERM | |
| Topical term or geographic name entry element | COMMUNICATIONS |
| 650 ## - SUBJECT ADDED ENTRY--TOPICAL TERM | |
| Topical term or geographic name entry element | NAVIGATION |
| 690 ## - LOCAL SUBJECT ADDED ENTRY--TOPICAL TERM (OCLC, RLIN) | |
| Topical term or geographic name as entry element | LAND SURVEYING |
| 942 ## - ADDED ENTRY ELEMENTS (KOHA) | |
| Suppress in OPAC | 0 |
| Withdrawn status | Lost status | Source of classification or shelving scheme | Damaged status | Not for loan | Home library | Current library | Shelving location | Date acquired | Total Checkouts | Full call number | Barcode | Date last seen | Copy number | Price effective from | Koha item type |
|---|---|---|---|---|---|---|---|---|---|---|---|---|---|---|---|
| Dewey Decimal Classification | London | London | Journal article | 05/11/1999 | ABS60976 | 101523-1001 | 06/08/2019 | 1 | 06/08/2019 | Journal article |